Library Banner

Instant cities (Record no. 61854)

MARC details
000 -LEADER
fixed length control field 00437nam a2200181Ia 4500
001 - CONTROL NUMBER
control field 61403
008 - FIXED-LENGTH DATA ELEMENTS--GENERAL INFORMATION
fixed length control field 141120s9999 xx 000 0 und d
020 ## - INTERNATIONAL STANDARD BOOK NUMBER
International Standard Book Number 9781906155346
040 ## - CATALOGING SOURCE
Transcribing agency PK-LaUMT
082 ## - DEWEY DECIMAL CLASSIFICATION NUMBER
Classification number 711.4
Item number WRI-I
100 ## - MAIN ENTRY--PERSONAL NAME
Personal name Wright, Herbert
245 ## - TITLE STATEMENT
Title Instant cities
Statement of responsibility, etc Wright, Herbert
260 ## - PUBLICATION, DISTRIBUTION, ETC. (IMPRINT)
Place of publication, distribution, etc London,UK:
Name of publisher, distributor, etc Bloombury Publishing,
Date of publication, distribution, etc 2008
300 ## - PHYSICAL DESCRIPTION
Extent 237 p.
546 ## - LANGUAGE NOTE
Language note EN
650 ## - SUBJECT ADDED ENTRY--TOPICAL TERM
Topical term or geographic name as entry element Architecture
942 ## - ADDED ENTRY ELEMENTS (KOHA)
Koha item type Books
Holdings
Withdrawn status Lost status Damaged status Not for loan Home library Current library Date acquired Total Checkouts Full call number Barcode Date last seen Price effective from Koha item type
        UMT Main Campus UMT Main Campus 2014-11-17   711.4 WRI-I 82546 2014-11-20 2014-11-20 Books